00831cam a22002411 450000100060000000300080000600500170001400800410003103500190007203500190009104000430011004100080015308200210016110000320018224502030021425000110041726000410042830000310046950400190050065000190051965000190053870000320055712743BD-RjUL20211208235341.0140129s1960 nyua b 001 0 eng d a(BD-RjUL)12793 a(OCoLC)1435440 aDLCcTxDaMdOCoLCdDLCd(BD-RjUL)beng aeng00a612.63bSTP 19601 aStone, Abraham,d1899-1949.10aPractical birth-control methods /cby Norman E. Himes, with the medical collaboration of Abraham Stone, introduction by Robert L. Dickinson, foreword by Havelock Ellis, illustrations by Irving Geis. a2nd Ed aNew York :bModern Age Books ,c1960 a207 p. :billus. ;c20 cm. aIncludes Index 0aBirth control. 0aContraception.1 aHimes, Norman Edwin,d1890-